| 000 | 00701nam a22002057a 4500 | ||
|---|---|---|---|
| 003 | JO-AjAnu | ||
| 005 | 20240429120241.0 | ||
| 008 | 240429b jo ||||| |||| 00| 0 ara d | ||
| 040 |
_aJO-AjAnu _beng _cJO-AjAnu _dJO-AjAnu |
||
| 041 | 0 |
_aeng _heng |
|
| 100 | 1 |
_aSchroeder,Richard G _ePrepared _93141 |
|
| 245 | 0 |
_a Accounting theory : text and readings / _cedited by Richard G. Schroeder, Levis D. McCullers, Myrtle Clark |
|
| 250 | _a3rd Edition | ||
| 260 |
_aNew York : _bWiley _c1987 |
||
| 300 | _a739 page | ||
| 650 | 7 | 0 |
_a. Accounting - Problems, exercises etc _965397 _vAccounting |
| 700 | 1 |
_aMcCullers, Levis D _ePREPARED _965398 |
|
| 700 | 1 |
_aClark, Myrtle _eprepared _965399 |
|
| 942 |
_2lcc _cBK _n0 |
||
| 999 |
_c33474 _d33474 |
||